Sang Beruang yang angkuh

Bibliographic Details
Format: Book
Published: Selangor : Early Learner Publications , 2005
Series:Siri cerita moral belantara
Subjects:

MARC

LEADER 00000cam a2200000 7i4500
001 0000003480
005 20151222.0
008 070718
020 |a 9833090664 
090 0 0 |a JF   |b MOR MAL (4567) 
245 1 0 |a Sang Beruang yang angkuh 
260 |a Selangor :   |b Early Learner Publications ,   |c 2005 
440 |a Siri cerita moral belantara 
500 |a Children ages 7-9 years old (orange) 
650 0 |a Moral stories 
999 |a 0000947903   |b Book   |c Children Collection   |e Cawangan Taman Sri Lambak 
999 |a 0000971026   |b Book   |c Children Collection   |e Perbadanan Perpustakaan Awam Johor 
999 |a 0000971027   |b Book   |c Children Collection   |e Perbadanan Perpustakaan Awam Johor 
999 |a 0000971028   |b Book   |c Children Collection   |e Cawangan Bukit Gambir 
999 |a 0000971029   |b Book   |c Children Collection   |e Perbadanan Perpustakaan Awam Johor 
999 |a 0000971030   |b Book   |c Children Collection   |e Cawangan Tangkak